000 00529nam a22001937a 4500
003 KOHA_MİRAKIL
005 20251112145915.0
008 251112b tu ||||| |||| 00| 0 tur d
020 _a9786052780756
040 _aTR-AnABB
_btur
_cTR-AnABB
041 _atur
082 _a814.42
_bAZI 2021
100 _aAziz Nesin,
245 1 0 _aİstanbul'dan ne haber /
_cAziz Nesin
260 _aİstanbul :
_bNesin Yayıncılık,
_c2021
300 _a239 sayfa ;
_c21 cm
650 0 4 _aTürk edebiyatı, roman
942 _2ddc
_cBK
999 _c9372
_d9372
900 _bGizem YORULMAZ